<?xml version="1.0" encoding="UTF-8"?>
<record
    xmlns:xsi="http://www.w3.org/2001/XMLSchema-instance"
    xsi:schemaLocation="http://www.loc.gov/MARC21/slim http://www.loc.gov/standards/marcxml/schema/MARC21slim.xsd"
    xmlns="http://www.loc.gov/MARC21/slim">

  <leader>00790cam a22002291  4500</leader>
  <controlfield tag="001">he 67001228 </controlfield>
  <controlfield tag="003">DLC</controlfield>
  <controlfield tag="005">20260227111447.0</controlfield>
  <controlfield tag="008">870527r19641893is            000 0 hebr </controlfield>
  <datafield tag="010" ind1=" " ind2=" ">
    <subfield code="a">he 67001228 </subfield>
  </datafield>
  <datafield tag="035" ind1=" " ind2=" ">
    <subfield code="a">(OCoLC)15737191</subfield>
  </datafield>
  <datafield tag="040" ind1=" " ind2=" ">
    <subfield code="a">DLC</subfield>
    <subfield code="c">TxU</subfield>
    <subfield code="d">TxU</subfield>
    <subfield code="d">DLC</subfield>
  </datafield>
  <datafield tag="042" ind1=" " ind2=" ">
    <subfield code="a">premarc</subfield>
  </datafield>
  <datafield tag="050" ind1="0" ind2="0">
    <subfield code="a">BS1225</subfield>
    <subfield code="b">.M658</subfield>
  </datafield>
  <datafield tag="100" ind1="0" ind2=" ">
    <subfield code="a">Moses ben Israel Benjamin,</subfield>
    <subfield code="c">of &#x1E92;efat,</subfield>
    <subfield code="e">comp.</subfield>
  </datafield>
  <datafield tag="245" ind1="1" ind2="0">
    <subfield code="a">Yalkut Mosheh,</subfield>
    <subfield code="b">meyusad &#x2BB;al sha&#x2BB;ar ha-Torah, sha&#x2BB;ar ha-regalim, sha&#x2BB;ar ha-parpa&#x2BC;ot ... sha&#x2BB;ar ha-mazalot, sha&#x2BB;ar ha-tekufot ... sha&#x2BB;ar ha-segulot, sha&#x2BB;ar refu&#x2BC;ot.</subfield>
  </datafield>
  <datafield tag="260" ind1=" " ind2=" ">
    <subfield code="a">Yerushalayim,</subfield>
    <subfield code="c">725, [1964 or 5]</subfield>
  </datafield>
  <datafield tag="300" ind1=" " ind2=" ">
    <subfield code="a">81 l.</subfield>
    <subfield code="c">25 cm.</subfield>
  </datafield>
  <datafield tag="500" ind1=" " ind2=" ">
    <subfield code="a">Photo-offset of Munk&#xE1;cs, 1893 or 4 ed.</subfield>
  </datafield>
  <datafield tag="630" ind1="0" ind2="0">
    <subfield code="a">Bible.</subfield>
    <subfield code="p">Pentateuch</subfield>
    <subfield code="x">Commentaries.</subfield>
  </datafield>
  <datafield tag="650" ind1=" " ind2="0">
    <subfield code="a">Gematria.</subfield>
  </datafield>
  <datafield tag="999" ind1=" " ind2=" ">
    <subfield code="c">32456</subfield>
    <subfield code="d">32456</subfield>
  </datafield>
</record>
